000 00739nac a22002051u 4500
010 _a74021376
082 0 0 _a297.4
_bA3162
090 _c1849
_d1849
100 _aAl-Hallaj, Mansur
245 1 4 _aThe tawasin of Mansur al-Hallaj /
_ctranslated by Aisha Abd ar-Rahman at-Tarjumana.
260 _aBerkeley :
_bDiwan Press,
_c1974.
300 _a81 p. ;
_c22 cm.
490 0 _aThe Sufic path series
500 _aTranslation of al-Tawāsīn.
500 _aDonations
500 _aDonations - Dr. Mostafa Gouda
650 0 _aSufism
_xEarly works to 1800.
942 _cBB
_k297.4A3162
999 _c1849
_d1849